[Event "CZE-ch (Women)"]
[Site "Frymburk"]
[Date "2002.??.??"]
[Round "4"]
[White "Ryvova, Anna"]
[Black "Stodolova, Kristyna"]
[Result "0-1"]
[WhiteElo "1908"]
[BlackElo "1644"]
[PlyCount "122"]
[EventDate "2002.??.??"]
[EventType "swiss"]
[EventRounds "9"]
[EventCountry "CZE"]
[SourceTitle "EXT 2005"]
[Source "ChessBase"]
[SourceDate "2004.11.15"]
[SourceVersion "1"]
[SourceVersionDate "2004.11.15"]
[SourceQuality "1"]

1. e4 Nf6 2. Nc3 d5 3. e5 d4 4. exf6 dxc3 5. fxg7 cxd2+ 6. Qxd2 Qxd2+ 7. Bxd2 Bxg7 8. 0-0-0 Bf5 9. Nf3 Nd7 10. Nh4 Be4 11. Re1 Bd5 12. Nf5 Bf6 13. Bf4 Be6 14. Ng3 0-0-0 15. Ne4 Bd4 16. Be3 Bxe3+ 17. Rxe3 h6 18. Be2 Bd5 19. f3 e6 20. Nc3 Bc6 21. Nb5 Bxb5 22. Bxb5 c6 23. Bc4 Rdg8 24. g3 h5 25. Rg1 Nb6 26. Bb3 Rg7 27. Kd2 h4 28. Ke2 hxg3 29. hxg3 Nd5 30. Bxd5 cxd5 31. g4 Rh2+ 32. Kd3 Rf2 33. Rge1 Rh7 34. R1e2 Rhh2 35. Rxf2 Rxf2 36. a4 Kd7 37. b3 Kd6 38. c4 Kc5 39. cxd5 exd5 40. g5 a5 41. Re7 Rxf3+ 42. Kc2 b6 43. Re8 Kb4 44. Rb8 Rf2+ 45. Kd3 Kxb3 46. Rxb6+ Kxa4 47. Kd4 Rf5 48. Rb7 Rxg5 49. Rxf7 Ka3 50. Rf3+ Kb4 51. Rf8 a4 52. Rb8+ Ka3 53. Kc3 Rg3+ 54. Kc2 d4 55. Rb7 Rc3+ 56. Kd2 Rb3 57. Rd7 Kb2 58. Rxd4 a3 59. Rc4 a2 60. Rc2+ Ka3 61. Rc1 Rb1 0-1

[Event "CZE-ch (Women)"]
[Site "Frymburk"]
[Date "2002.??.??"]
[Round "7"]
[White "Stodolova, Kristyna"]
[Black "Kubikova, Alena"]
[Result "1-0"]
[WhiteElo "1644"]
[BlackElo "1776"]
[PlyCount "93"]
[EventDate "2002.??.??"]
[EventType "swiss"]
[EventRounds "9"]
[EventCountry "CZE"]
[SourceTitle "EXT 2005"]
[Source "ChessBase"]
[SourceDate "2004.11.15"]
[SourceVersion "1"]
[SourceVersionDate "2004.11.15"]
[SourceQuality "1"]

1. d4 Nf6 2. c4 e5 3. dxe5 Ng4 4. Bf4 g5 5. Bg3 Bg7 6. Nf3 Nc6 7. Nc3 Ngxe5 8. Nxe5 Nxe5 9. e3 Nc6 10. Rc1 d6 11. Bd3 Be6 12. b3 0-0 13. h4 g4 14. h5 h6 15. Be2 Qd7 16. Nd5 Ne5 17. Bh4 f5 18. Qd2 Rf7 19. Nf4 Bf6 20. Bxf6 Rxf6 21. Qc3 Rff8 22. Rd1 Qe7 23. c5 Bf7 24. cxd6 cxd6 25. Qd4 Rfd8 26. Nd5 Bxd5 27. Qxd5+ Qf7 28. Qb5 Qc7 29. Qd5+ Qf7 30. Qxf7+ Kxf7 31. f4 gxf3 32. gxf3 Ke6 33. Kf2 d5 34. Rhg1 Rd7 35. f4 Nf7 36. Rg6+ Ke7 37. Rdg1 d4 38. exd4 Rxd4 39. Kf3 Rd2 40. Bc4 Rf8 41. Rg7 Rd7 42. Rh7 a6 43. Rgg7 Ke8 44. Kg3 Re7 45. Kh4 Rc7 46. Be6 Re7 47. Bxf5 1-0

[Event "CZE-ch (Women)"]
[Site "Frymburk"]
[Date "2002.??.??"]
[Round "5"]
[White "Stodolova, Kristyna"]
[Black "Kulovana, Eva"]
[Result "1/2-1/2"]
[WhiteElo "1644"]
[BlackElo "1927"]
[PlyCount "38"]
[EventDate "2002.??.??"]
[EventType "swiss"]
[EventRounds "9"]
[EventCountry "CZE"]
[SourceTitle "EXT 2005"]
[Source "ChessBase"]
[SourceDate "2004.11.15"]
[SourceVersion "1"]
[SourceVersionDate "2004.11.15"]
[SourceQuality "1"]

1. d4 d5 2. c4 e6 3. Nc3 Nf6 4. Bg5 Be7 5. Nf3 h6 6. Bh4 0-0 7. e3 b6 8. cxd5 exd5 9. Bd3 c5 10. 0-0 Be6 11. Rc1 Nc6 12. b3 Rc8 13. Bxf6 Bxf6 14. dxc5 bxc5 15. Na4 Nb4 16. Bb1 Qe7 17. a3 Nc6 18. Nxc5 Ne5 19. b4 Nxf3+ 1/2-1/2

[Event "CZE-ch (Women)"]
[Site "Frymburk"]
[Date "2002.??.??"]
[Round "9"]
[White "Stodolova, Kristyna"]
[Black "Sikorova, Olga"]
[Result "0-1"]
[WhiteElo "1644"]
[BlackElo "2196"]
[PlyCount "30"]
[EventDate "2002.??.??"]
[EventType "swiss"]
[EventRounds "9"]
[EventCountry "CZE"]
[SourceTitle "EXT 2005"]
[Source "ChessBase"]
[SourceDate "2004.11.15"]
[SourceVersion "1"]
[SourceVersionDate "2004.11.15"]
[SourceQuality "1"]

1. d4 c5 2. d5 Nf6 3. c4 e6 4. Nc3 exd5 5. cxd5 d6 6. e4 g6 7. f4 Bg7 8. Bb5+ Nfd7 9. a4 0-0 10. Nf3 Na6 11. 0-0 Nc7 12. Bc4 Nb6 13. Bd3 Bg4 14. Be3 Re8 15. a5 Nbxd5 0-1

[Event "CZE-ch U16 Girls"]
[Site "Czech Republic"]
[Date "2001.??.??"]
[Round "6"]
[White "Stodolova, Kristyna"]
[Black "Holusova, Tana"]
[Result "0-1"]
[WhiteElo "1670"]
[BlackElo "1925"]
[PlyCount "92"]
[EventDate "2001.??.??"]
[EventType "swiss"]
[EventRounds "9"]
[EventCountry "CZE"]
[SourceTitle "EXT 2003"]
[Source "ChessBase"]
[SourceDate "2002.11.25"]
[SourceVersion "1"]
[SourceVersionDate "2002.11.25"]
[SourceQuality "1"]

1. d4 Nf6 2. c4 e6 3. Nc3 Bb4 4. e3 b6 5. Bd3 Bb7 6. f3 c5 7. Nge2 Nc6 8. a3 cxd4 9. exd4 Bxc3+ 10. bxc3 0-0 11. 0-0 Na5 12. Bf4 d6 13. Nc1 Nh5 14. Be3 Qc7 15. Qc2 Nxc4 16. Bxh7+ Kh8 17. Bf2 g6 18. Bxg6 fxg6 19. Qxg6 Nf4 20. Qg4 Qh7 21. Qh4 Rf7 22. Qxh7+ Kxh7 23. Bg3 Nh5 24. Re1 Nxg3 25. hxg3 Rg7 26. Rxe6 Rxg3 27. Kf2 Rag8 28. Rh6+ Kg7 29. Kxg3 Kxh6+ 30. Kf2 Kg5 31. Ne2 Re8 32. a4 Nb2 33. a5 b5 34. a6 Bd5 35. f4+ Kg4 36. g3 Bc4 37. Nc1 Nd1+ 38. Kg2 Bd5+ 39. Kg1 Rh8 40. Kf1 Kf3 41. Ke1 Rh1+ 42. Kd2 Ne3 43. c4 Rh2+ 44. Kc3 Rc2+ 45. Kb3 bxc4+ 46. Ka3 Nf5 0-1